Ancien Testament - "Les petits prophètes" - Statistiques

Statistiques générales
  • Ce quiz a été pris 26 fois
  • Le résultat moyen est 7 sur 12
Statistiques - réponses
HINT ANSWER % Correct
Jon Jonas
89%
Za Zacharie
84%
Os Osée
79%
Am Amos
63%
Mi Michée
63%
Ab Abdias
58%
Na Nahum
58%
Sph Sophonie
58%
Hab Habacuc
53%
Ag Aggée
47%
Ml Malachie
42%
Jl Joël
32%
Aucun quiz correspondant
Distribution des résultats
% des personnes avec chaque résultat
Percentile par nombre de réponses
Votre historique - résultats
Vous n’avez pas pris ce quiz